1148 1313 1289 1968 1842 1483 1520 1042 1493 1671 1998 1645 1578 1256 1314 1565 1719 1472 1804 1980 1361 1333 1532 1280 1806 1542 1833 1954 1089 1332 1973 1866 1776 1700 1778 1224 1140 1020 1933 1698 1252 1541 1426 1495 1705 1920 1726 1368 1122 1080 1746 1038 1863 1559 1360 1534 1496 1698 1569 1438 1021 1951 1141 1248 1385 1163 1634 1017 1262 1292 1834 1235 1901 1252 1126 1743 1046 1895 1011 1452 1470 1528 1819 1601 1122 1703 1718 1285 1871 1087 1227 1144 1524 1463 1181 1934 1531 1756 1007 BCNSPRNW ULIB Ver.6.0+V

เปลี่ยนเป็นภาษาไทย

Change to English
 แสดงรายละเอียดบรรณานุกรม
  กลับหน้าหลัก

Brief Record : Get Marc (ISO 2709) : E-mail record : QR code < ปิดหน้าต่าง
LEADER : 00000nam 2200000uu 4500
001    13399126606
003     ULIB
008    190122s2559||||th 000 0 tha d
020    ^a9786162712814^c520
060  4 ^aWE 141^bว895
245 00 ^aเวชปฏิบัติออร์โธปิดิกส์ผู้ป่วยนอก =^bApproach to common orthopaedic problems /^cบรรณาธิการ, ธีรวิทย์ หงส์นภารักษ์, ปรเมศวร์ สุวรรณโณ
246 31 ^aApproach to common orthopaedic problems
250    ^aพิมพ์ครั้งที่ 2
260    ^aสงขลา :^bภาควิชาศัลยศาสตร์ออร์โธปิดิกส์และกายภาพบำบัด คณะแพทยศาสตร์ มหาวิทยาลัยสงขลานครินทร์,^c2559
300    ^363 หน้า :^bภาพประกอบ
650  2 ^aOrthopedics
650  2 ^aOrthopedic surgery
650  4 ^aออร์โทพีดิกส์
650  4 ^aศัลยกรรมออร์โทพีดิกส์
650  4 ^aกระดูก^xศัลยกรรม
700 0  ^aธีรวิทย์ หงส์นภารักษ์,^eบรรณาธิการ
700 0  ^aปรเมศวร์ สุวรรณโณ,^eบรรณาธิการ
710 2  ^aมหาวิทยาลัยสงขลานครินทร์.^bคณะแพทยศาสตร์.^bภาควิชาศัลยศาสตร์ออร์โธปิดิกส์และกายภาพบำบัด
945    ^p520^l0^i004816
945    ^p520^l0^i004815
999    ^aประนอม เกษจรัล
รายการนี้ยังไม่มีแท็ก
คุณยังไม่ได้ล็อกอิน คุณสามารถมีกิจกรรมร่วมกับเว็บไซต์ได้ แต่ต้องล็อกอินก่อน ::
  ล็อกอิน

รายการสื่อสารสนเทศ

ลำดับที่ ประเภท เลขเรียก/บาร์โค้ด สถานที่ สถานะ
1. วิทยาศาสตร์การแพทย์ และสุขภาพ
วิทยาศาสตร์การแพทย์ และสุขภาพ
สถานะ=หนังสือเก่า
WE 141 ว895 ฉ.1 
  Barcode: 004815
ห้องสมุดวิทยาเขตสวรรค์ประชารักษ์
►ส่วนจัดเก็บหนังสือเก่า สปร
บนชั้น
  ขอยืม
2. วิทยาศาสตร์การแพทย์ และสุขภาพ
วิทยาศาสตร์การแพทย์ และสุขภาพ
สถานะ=หนังสือเก่า
WE 141 ว895 ฉ.2 
  Barcode: 004816
ห้องสมุดวิทยาเขตสวรรค์ประชารักษ์
►ส่วนจัดเก็บหนังสือเก่า สปร
บนชั้น
  ขอยืม

รายการใกล้เคียง
    หัวเรื่อง [Orthopedics]
    หัวเรื่อง [ออร์โทพีดิกส์]
    หัวเรื่อง [ศัลยกรรมออร์โทพีดิกส์]

BibComment


ยังไม่เคยถูกคอมเมนท์

คอมเมนท์ทรัพยากรรายการนี้
  คอมเมนท์: เวชปฏิบัติออร์โธ..


 Copyright 2026. Bcnsprnw @Library